| 000 | 00597cam a22001571i 4500 | ||
|---|---|---|---|
| 082 |
_a517.9 _bCAR _cL-27, P-85 |
||
| 100 | 1 |
_aCarr, Charles R. _939553 |
|
| 245 | 1 | 0 |
_aQuantitative decision procedures in management and economics : _bdeterministic theory and applications / _c[by] Charles R. Carr [and] Charles W. Howe. |
| 260 |
_aNew York : _bMcGraw-Hill, _c[c1964] |
||
| 300 |
_axv, 383 p. : _bill. _ccm. |
||
| 526 |
_a0 _b0 _c0 _d517_900000000000000_CAR |
||
| 650 | 0 |
_aIndustrial management _xMathematical models. _936471 |
|
| 650 | 0 |
_aMCE _9379 |
|
| 700 | 1 |
_aHowe, Charles W., _939554 |
|
| 942 |
_2ddc _cBK |
||
| 999 |
_c544019 _d544019 |
||